Największe Firmy Świata - Statystyki

Ogólne statystyki
  • Ten quiz został rozwiązany 526 razy
  • Średni wynik to 5 z 10
Statystyki odpowiedzi
Miejsce Wartość Firmy Odpowiedź % Poprawnych
1. $355.1bln Apple
90%
4. $184.2 bln Microsoft
73%
3. $263.4 bln Google
68%
2. $350.3 bln Amazon
67%
6. $107.3 bln Samsung
65%
7. $101.2 bln Facebook
54%
9. $71.2 bln Huawei
23%
5. $111.8 bln Walmart
14%
8. $75.1 bln ICBC
2%
10. $69.6 bln Verizon
2%
Nie znaleziono quizów pasujących do podanych kryteriów
Rozkład punktacji
Procent ludzi z każdym wynikiem
Percentyl według liczby udzielonych odpowiedzi
Twoja historia wyników
Nie rozwiązałeś tego quizu